00238nam a2200109Ia 4500008004100000100001900041245001400060260001800074650001200092942000700104999001700111190216s9999||||xx |||||||||||||| ||und|| aMary Mc Carthy 4aThe Group bPenguin Books aEnglish cBK c13370d13370